| 000 | 00892nam a2200241Ia 4500 | ||
|---|---|---|---|
| 008 | 130821s2009 xxua gr eng | ||
| 020 | _a0 7360 7213 6 | ||
| 020 | _a978 0 7360 7213 7 | ||
| 040 |
_aCo-BoUCM _bspa |
||
| 041 | 0 | 0 | _aeng |
| 060 | 0 | 0 | _aQT 255 |
| 100 | 1 |
_aPitney, William A. _9169219 |
|
| 245 | 1 | 0 |
_aQualitative research in physical activity and the health professions _cWilliam A. Pitney y Jenny Parker |
| 260 |
_aChampaign (Illinois, Estados Unidos) _bHuman Kinetics _c2009 |
||
| 300 |
_axi, 219 páginas _bilustraciones |
||
| 504 | _aIncluye referencias bibliográficas e índice. | ||
| 650 |
_aEjercicio _xInvestigaciones _913933 |
||
| 650 |
_aInvestigación cualitativa _917981 |
||
| 650 |
_aMedicina deportiva _919146 |
||
| 650 |
_aMedicina deportiva _xInvestigaciones _919146 |
||
| 700 | 1 |
_aParker, Jenny _9169220 |
|
| 942 |
_cLIBRO _a15 _e1 _mP685q _2NLM _hQT 255 _n0 |
||
| 999 |
_c75544 _d75544 |
||